Las bases de la moral y del derecho /

Detalles Bibliográficos
Autor principal: Baets, Maurice de, 1863-1931 (Autor)
Otros Autores: Agurto Gonzáles, Carlos Antonio (Editor), Quequejana Mamani, Sonia Lidia (Editor), Choque Cuenca, Benigno (Editor), González Carreño, Genaro (Traductor)
Formato: Electrónico eBook
Lenguaje:español
Publicado: Santiago de Chile : Ediciones Olejnik, [2023]
Colección:Biblioteca de filosofía del derecho.
Materias:
Acceso en línea:Digitalia Hispánica

MARC

LEADER 00000nam a2200000 i 4500
001 DIGOLEJNK1319
003 NyNyDIG
007 cr |||||||||||
008 250409s2023 cl ob 000 0 spa d
006 m o d
035 |a (OCoLC)1514492301 
040 |a DGITA  |b eng  |e rda  |e pn  |c DGITA 
020 |z 9789564074498 
050 1 4 |a K247.6 ebook 
100 1 |a Baets, Maurice de,  |d 1863-1931,  |e author. 
245 1 4 |a Las bases de la moral y del derecho /  |c Maurice de Baets ; edición al cuidado de Carlos Antonio Agurto Gonzáles, Sonia Lidia Quequejana Mamani, Benigno Choque Cuenca ; traducción de Genaro González Carreño. 
264 1 |a Santiago de Chile :  |b Ediciones Olejnik,  |c [2023] 
300 |a 1 online resource. 
336 |a text  |b txt  |2 rdacontent 
337 |a computer  |b c  |2 rdamedia 
338 |a online resource  |b cr  |2 rdacarrier 
347 |a text file  |2 rdaft 
347 |b PDF 
490 1 |a Biblioteca de filosofía del derecho 
504 |a Includes bibliographical references. 
588 0 |a Online resource; title from PDF title page (Digitalia, viewed April 9, 2025) 
650 0 |a Law and ethics. 
650 0 |a Jurisprudence. 
700 1 |a Agurto Gonzáles, Carlos Antonio,  |e editor. 
700 1 |a Quequejana Mamani, Sonia Lidia,  |e editor. 
700 1 |a Choque Cuenca, Benigno,  |e editor. 
700 1 |a González Carreño, Genaro,  |e translator. 
791 2 |a Digitalia (Firm),  |e distributor. 
793 0 |g Digitalia eBook Collection:  |a Ediciones Olejnik 
776 0 8 |i Print version:  |a Baets, Maurice de, 1863-1931.  |t Bases de la moral y del derecho.  |b Primera edición en Ediciones Olejnik.  |d Santiago de Chile : Ediciones Olejnik, [2023]  |z 9789564074498 
830 0 |a Biblioteca de filosofía del derecho. 
856 4 0 |3 Digitalia Hispánica  |u https://www.digitaliapublishing.com/a/157828/ 
910 |a Premium collection: 2025